II Curso de producción de hortalizas bajo invernadero : principales técnicas.

Guardado en:
Autor Corporativo: Curso de producción de hortalizas bajo invernadero Esperanza, Santa Fe)
Formato: Libro
Idioma:Spanish
Publicado: [Esperanza : Universidad Nacional del Litoral, 1996.]
Etiquetas: Agregar Etiqueta
Sin Etiquetas, Sea el primero en etiquetar este registro!
LEADER 00596nam a22001335a 4500
001 EEA.libagro005502
005 20150904095540.0
008 130809s1996####ag#a##########100#0#spa#d
082 0 4 |a 635.0483 
111 2 |a Curso de producción de hortalizas bajo invernadero  |n (2 :  |d 2 al 6 de diciembre de 1996 :  |c Esperanza, Santa Fe) 
245 1 0 |a II Curso de producción de hortalizas bajo invernadero :  |b principales técnicas. 
260 |a [Esperanza :  |b Universidad Nacional del Litoral,  |c 1996.] 
300 |a 1 v. (en varias paginaciones) :  |b il. ;  |c 28 cm. 
859 |a AR-BbBCA  |b BIB. AGRONOMIA  |h 635.0483  |i E77 2 1996  |p 1996/2816